2021 Afl top 8 teams - Statistics

General Stats
  • This quiz has been taken 43 times
  • The average score is 8 of 8
Answer Stats
Rank Answer % Correct
#3 Geelong Cats
100%
#1 Melbourne Demons
100%
#5 Western Bulldogs
100%
#7 GWS Giants
95%
#4 Brisbane Lions
92%
#2 Port Adelaide
92%
#6 Sydney Swans
92%
#8 Essendon Bombers
89%
No matching quizzes found
Score Distribution
Percent of People with Each Score
Percentile by Number Answered
Your Score History
You have not taken this quiz